Akta dyktatora: Benito Mussolini - Statystyki

Ogólne statystyki
  • Ten quiz został rozwiązany 1 296 razy
    1 216 od ostatniego zresetowania
  • Średni wynik to 9 z 16
Statystyki odpowiedzi
Pytanie Odpowiedź % Poprawnych
Jaka była potoczna nazwa zbrojnego ramienia tej partii? {Czarne} koszule
91%
Jaki zamach stanu doprowadził do mianowania Mussoliniego premierem? Marsz na {Rzym}
82%
Jaką nazwę nosiła koalicja walcząca z Aliantami, złożona z Niemiec, Włoch i Japonii?
79%
Na jakiej wojnie walczył jako żołnierz? I wojna światowa
75%
Które państwo zostało zaatakowane przez Włochy w 1935? Etiopia
73%
Jaki tytuł, oznaczającego "przywódcę", został nadany Mussoliniemu przez podaną wyżej partię? Duce
69%
Który kraj w Afryce był "pacyfikowany" przez Włochów w latach 1922-1932? Libia
68%
Które państwo powstało w wyniku podpisana Traktatów Laterańskich w 1929? Watykan
66%
Jakiej metody egzekucji dokonano na Mussolinim i jego kochance w 1945? Pluton egzekucyjny
52%
Jakiej partii politycznej przewodniczył? Narodowa Partia Faszystowska
51%
Który przyszły przywódca Indii powiedział kiedyś: „Niestety, nie jestem żadnym nadczłowiekiem takim jak Mussolini”? Mahatma Gandhi
47%
W pobliżu którego jeziora został stracony? Como
39%
Jaki sojusz zawarły Włochy z Niemcami w maju 1939? Pakt {stalowy}
37%
Z jakiej partii został wyrzucony w 1914? Włoska Partia Socjalistyczna
32%
Kto był królem Włoch podczas dyktatorskich rządów Mussoliniego? Wiktor Emmanuel III
30%
Na cześć którego prezydenta Meksyku został nazwany Mussolini? Benito {Juárez}
14%
Nie znaleziono quizów pasujących do podanych kryteriów
Rozkład punktacji
Procent ludzi z każdym wynikiem
Percentyl według liczby udzielonych odpowiedzi
Twoja historia wyników
Nie rozwiązałeś tego quizu od ostatniego zresetowania